| 000 | 00393nam a2200157 a 4500 | ||
|---|---|---|---|
| 001 | 3543 | ||
| 003 | CDMR | ||
| 005 | 20131002125411.0 | ||
| 008 | 130130s1965||||||||||||||||||||||||||||d | ||
| 040 |
_aCDMR _bcat _cCDMR |
||
| 100 | 1 |
_aBaget i Herms, Josep Maria _948 |
|
| 245 | 1 | 0 | _aTelevisión, un arte nuevo |
| 260 |
_aMadrid _c1965 _bRialp |
||
| 490 | 0 |
_aLibros de cine Rialp _v39 |
|
| 942 |
_cMON _2udc |
||
| 999 |
_c3543 _d3543 |
||